[Event "Lichtenberger Sommer 2017"]
[Site "Berlin"]
[Date "2017.08.21"]
[Round "3.48"]
[White "Schauties, Nico Antonio"]
[Black "Kapr, Klaus"]
[Result "0-1"]
[WhiteElo "1690"]
[BlackElo "2007"]
[PlyCount "92"]
[EventDate "2017.??.??"]
[WhiteTeam "SV Mattnetz Berlin"]
[BlackTeam "SC Friesen Lichtenberg"]

1. d4 d5 2. c4 Nc6 3. Nc3 Nf6 4. cxd5 Nxd5 5. e4 Nxc3 6. bxc3 e5 7. d5 Ne7 8.
Nf3 Ng6 9. Be3 Bd6 10. c4 c5 11. Bd3 O-O 12. Qc2 Nh4 13. Nxh4 Qxh4 14. O-O f5
15. g3 Qh5 16. exf5 Bxf5 17. Bxf5 Rxf5 18. Rab1 b6 19. a4 Raf8 20. Qe4 Qe8 21.
a5 bxa5 22. Rb5 Qg6 23. Ra1 Qf7 24. Rbxa5 Ra8 25. Ra6 Rf6 26. Qc2 Bf8 27. Qa4
Rxa6 28. Qxa6 Qd7 29. Ra5 Rc8 30. Qxa7 Qg4 31. Qb6 Re8 32. d6 Qd1+ 33. Kg2 e4
34. h3 Bxd6 35. Bxc5 Qf3+ 36. Kh2 Bxc5 37. Qxc5 e3 38. fxe3 Qe2+ 39. Kh1 Rd8
40. Ra1 Qf3+ 41. Kg1 Qxg3+ 42. Kh1 Qxh3+ 43. Kg1 h6 44. Qb6 Qg3+ 45. Kh1 Rd6
46. Qb2 Rg6 0-1

[Event "Lichtenberger Sommer 2017"]
[Site "Berlin"]
[Date "2017.08.21"]
[Round "3.49"]
[White "Kötz, Andreas"]
[Black "Bandsom, Olaf"]
[Result "0-1"]
[WhiteElo "1997"]
[BlackElo "1827"]
[PlyCount "72"]
[EventDate "2017.??.??"]
[WhiteTeam "SC Zitadelle Spandau"]
[BlackTeam "SC Friesen Lichtenberg"]

1. c4 e5 2. Nc3 Nf6 3. g3 Nc6 4. Bg2 Be7 5. e3 d6 6. Nge2 Be6 7. Nd5 O-O 8. O-O
Qd7 9. b4 e4 10. Nec3 Bxd5 11. Qb3 Be6 12. Nxe4 Nxe4 13. Bxe4 Ne5 14. d3 c6 15.
f4 f5 16. Bg2 Nf7 17. d4 d5 18. c5 b6 19. Bd2 bxc5 20. bxc5 Rfb8 21. Qc2 Rb7
22. Rfb1 Rab8 23. Rb3 Rxb3 24. axb3 Qb7 25. b4 Bc8 26. Bf1 Qd7 27. b5 Nd8 28.
Qa4 cxb5 29. Qxa7 Nc6 30. Qa2 Bf6 31. Rc1 b4 32. Qa4 Qb7 33. Bxb4 Ra8 34. Qb3
Nxb4 35. c6 Qb6 36. Bg2 Be6 0-1

[Event "Lichtenberger Sommer 2017"]
[Site "Berlin"]
[Date "2017.08.21"]
[Round "3.50"]
[White "Karyah, Thomas"]
[Black "Gebert-Vangeel, Ralf"]
[Result "0-1"]
[WhiteElo "1664"]
[BlackElo "2060"]
[PlyCount "120"]
[EventDate "2017.??.??"]
[WhiteTeam "SC Zugzwang 95 (Berlin)"]
[BlackTeam "TSV Mariendorf"]

1. e4 e5 2. Nf3 Nc6 3. Bc4 Nf6 4. Nc3 Be7 5. a3 d6 6. d3 O-O 7. h3 Be6 8. g4 d5
9. exd5 Nxd5 10. Ne4 f6 11. Rg1 Qd7 12. g5 f5 13. Nf6+ Nxf6 14. gxf6 Bxf6 15.
Bxe6+ Qxe6 16. Ng5 Bxg5 17. Bxg5 e4 18. d4 Qd6 19. c3 h6 20. Bh4 Kh7 21. Qe2
Rae8 22. Bg3 f4 23. Bh2 Qe6 24. Rg4 e3 25. f3 g5 26. O-O-O Qf5 27. h4 Na5 28.
b4 Nb3+ 29. Kb2 Nd2 30. hxg5 Qd5 31. Qd3+ Kh8 32. Rxd2 exd2 33. g6 Kg7 34. Bxf4
d1=Q 35. Qxd1 Rf5 36. Qc2 h5 37. Rh4 Qc4 38. Be5+ Rfxe5 39. dxe5 Qxh4 40. Qf5
Qh2+ 41. Kb3 Qxe5 42. Qf7+ Kh6 43. Qh7+ Kg5 44. g7 Qd5+ 45. Ka4 Kh4 46. Qc2
Qd7+ 47. b5 Qxg7 48. Qh2+ Kg5 49. Qd2+ Kg6 50. Qd3+ Kh6 51. Qf5 Qe5 52. Qd3 a6
53. bxa6 bxa6 54. c4 Qd6 55. Qc3 Qc6+ 56. Kb3 Rb8+ 57. Kc2 Qg6+ 58. Kd2 Rd8+
59. Ke3 h4 60. Ke2 Qd3+ 0-1

[Event "Lichtenberger Sommer 2017"]
[Site "Berlin"]
[Date "2017.08.21"]
[Round "3.51"]
[White "Fock, Amina"]
[Black "Deutschbein, Christopher"]
[Result "0-1"]
[WhiteElo "1587"]
[BlackElo "2019"]
[PlyCount "58"]
[EventDate "2017.??.??"]
[WhiteTeam "SC Zugzwang 95 (Berlin)"]
[BlackTeam "Eckernförder SC"]

1. e4 e5 2. Nf3 Nc6 3. Bb5 a6 4. Ba4 Nf6 5. O-O Be7 6. Re1 b5 7. Bb3 O-O 8. d3
d6 9. c3 Na5 10. Bc2 c5 11. Nbd2 Re8 12. Nf1 Bf8 13. Ne3 g6 14. h3 Bb7 15. Nh2
d5 16. exd5 Nxd5 17. Neg4 Bg7 18. Nf3 Nf4 19. Be3 Qd5 20. Bxf4 exf4 21. Rxe8+
Rxe8 22. Qf1 b4 23. c4 Qd7 24. Rb1 Bxf3 25. gxf3 h5 26. Nh2 Qe6 27. Ba4 Re7 28.
b3 Bd4 29. Kg2 Qe2 0-1

[Event "Lichtenberger Sommer 2017"]
[Site "Berlin"]
[Date "2017.08.21"]
[Round "3.52"]
[White "Buttkus, Andre"]
[Black "Jansen, Robert"]
[Result "1-0"]
[WhiteElo "2031"]
[BlackElo "1783"]
[PlyCount "87"]
[EventDate "2017.??.??"]
[WhiteTeam "SK Tempelhof 1931"]
[BlackTeam "SC Kreuzberg"]

1. e4 e5 2. Nf3 Nc6 3. Bc4 Nf6 4. d3 Bc5 5. c3 d6 6. Bb3 Bg4 7. h3 Bh5 8. Nbd2
d5 9. Qe2 d4 10. Nf1 h6 11. Ng3 Bg6 12. Nh4 Qd7 13. Nhf5 O-O-O 14. Bc2 Bxf5 15.
Nxf5 g6 16. Ng3 Ne8 17. Qg4 Nd6 18. Qxd7+ Rxd7 19. a3 a6 20. b4 Ba7 21. c4 Ne7
22. Bb3 f5 23. c5 Nb5 24. Be6 Nc3 25. exf5 g5 26. O-O Ned5 27. Re1 Nf4 28. Bxf4
exf4 29. Ne4 Kd8 30. Bxd7 Kxd7 31. Nxc3 dxc3 32. Rac1 Rf8 33. Re5 c6 34. Rxc3
Bb8 35. Re6 Rxf5 36. Rxh6 Re5 37. Kf1 a5 38. Rc4 Rd5 39. Rh7+ Ke6 40. Rxb7 Be5
41. Ke2 Bb2 42. bxa5 Bxa3 43. a6 Rd8 44. Rb3 1-0

[Event "Lichtenberger Sommer 2017"]
[Site "Berlin"]
[Date "2017.08.21"]
[Round "3.53"]
[White "Udet, Fabian"]
[Black "Di Candia, Roberto"]
[Result "0-1"]
[WhiteElo "1680"]
[BlackElo "1918"]
[PlyCount "84"]
[EventDate "2017.??.??"]
[WhiteTeam "1. SC Anhalt"]
[BlackTeam "SF 1903 Berlin"]

1. e4 c5 2. Nc3 g6 3. f4 Bg7 4. Nf3 Nc6 5. Bc4 e6 6. O-O Nge7 7. d3 d5 8. exd5
exd5 9. Bb3 O-O 10. Qe1 Be6 11. Ng5 Nd4 12. Qh4 h6 13. Nxe6 fxe6 14. Bd2 Nef5
15. Qxd8 Raxd8 16. Rae1 b5 17. a4 Nxb3 18. cxb3 b4 19. Nb5 Bd4+ 20. Kh1 Rf6 21.
g4 a6 22. Nc7 Ne7 23. Nxa6 Rc8 24. Rc1 Rff8 25. Rfe1 Rc6 26. Nxb4 Rb6 27. Nc2
Bxb2 28. Rb1 Rxb3 29. Bc1 Rfb8 30. a5 Bc3 31. Rxb3 Rxb3 32. Rd1 Bxa5 33. Be3 d4
34. Bg1 Rb2 35. Na3 Ra2 36. Nc4 Bc7 37. Rb1 Bxf4 38. Rb5 Rc2 39. Rxc5 Be3 40.
Rc8+ Kh7 41. Rd8 Rc1 42. Nxe3 dxe3 0-1

[Event "Lichtenberger Sommer 2017"]
[Site "Berlin"]
[Date "2017.08.21"]
[Round "3.54"]
[White "Shapiro, Yosip"]
[Black "Matthes, Benjamin"]
[Result "1-0"]
[WhiteElo "2098"]
[BlackElo "1879"]
[PlyCount "71"]
[EventDate "2017.??.??"]
[WhiteTeam "SV Berolina Mitte"]
[BlackTeam "SC Oranienburg"]

1. d4 d5 2. c4 e6 3. Nc3 c5 4. cxd5 exd5 5. Nf3 Nc6 6. g3 Nf6 7. Bg2 Be7 8. O-O
O-O 9. Bg5 cxd4 10. Nxd4 Re8 11. Rc1 Bd7 12. Bf4 Nxd4 13. Qxd4 Be6 14. Nb5 Rc8
15. Rxc8 Qxc8 16. Nc7 Rd8 17. Rc1 Qd7 18. Qxa7 Rc8 19. Qxb7 Nh5 20. Be5 Bf6 21.
f4 Bd8 22. Qc6 f6 23. Qxd7 Bxd7 24. Bxd5+ Kh8 25. Bd6 g6 26. Rc3 Rb8 27. Ne6
Bb6+ 28. Kf1 Re8 29. Rb3 Ba7 30. Nc5 Bg4 31. e4 Rd8 32. Rb7 Rxd6 33. Rxa7 f5
34. Ne6 h6 35. Nf8 fxe4 36. Rh7# 1-0

[Event "Lichtenberger Sommer 2017"]
[Site "Berlin"]
[Date "2017.08.21"]
[Round "3.55"]
[White "Schneider, Eckehard"]
[Black "Kievelitz, Bernd"]
[Result "0-1"]
[WhiteElo "1792"]
[BlackElo "1889"]
[PlyCount "90"]
[EventDate "2017.??.??"]
[WhiteTeam "SF 1903 Berlin"]
[BlackTeam "SC Zitadelle Spandau"]

1. e4 c5 2. c3 Nf6 3. e5 Nd5 4. d4 cxd4 5. Nf3 e6 6. cxd4 b6 7. Nc3 Nxc3 8.
bxc3 Qc7 9. Bd2 Bb7 10. Be2 Be7 11. O-O O-O 12. Re1 Nc6 13. Bd3 f5 14. Qc2 Rac8
15. a3 Na5 16. Be2 Nc4 17. Bc1 Bd5 18. Nd2 b5 19. Bf3 Nb6 20. Bb2 Qb7 21. Bxd5
Qxd5 22. Nf3 Rc7 23. Rab1 Rfc8 24. Ba1 a6 25. Qb3 Nc4 26. a4 bxa4 27. Qxa4 Na3
28. Rb6 Rc4 29. Qb3 a5 30. Rb8 Qc6 31. Bb2 a4 32. Rxc8+ Qxc8 33. Qa2 Nb5 34.
Nd2 Rc7 35. c4 Bb4 36. Rd1 Nc3 37. Bxc3 Bxc3 38. Nb1 Rxc4 39. Nxc3 Rxc3 40.
Qxa4 Rc4 41. Qa3 h6 42. h3 Qc6 43. Qe7 Kh7 44. Kh2 Qd5 45. Rd3 Rxd4 0-1

[Event "Lichtenberger Sommer 2017"]
[Site "Berlin"]
[Date "2017.08.21"]
[Round "3.56"]
[White "Schröder, Justin"]
[Black "Jecht, Christian"]
[Result "0-1"]
[WhiteElo "1647"]
[BlackElo "1903"]
[PlyCount "84"]
[EventDate "2017.??.??"]
[WhiteTeam "Leegebrucher SF"]
[BlackTeam "SC Bavaria Regensb."]

1. e4 e5 2. Nf3 Nc6 3. Bb5 Nf6 4. O-O Nxe4 5. Re1 Nd6 6. Bxc6 dxc6 7. Nxe5 Be7
8. d3 O-O 9. Nc3 Nf5 10. Nc4 Be6 11. Ne3 Nd4 12. Ne2 c5 13. c3 Nf5 14. Nxf5
Bxf5 15. d4 cxd4 16. Qxd4 Bf6 17. Qxd8 Raxd8 18. Be3 b6 19. Nd4 Bd7 20. h3 c5
21. Nf3 h6 22. Rad1 Ba4 23. b3 Bc6 24. c4 Bc3 25. Rxd8 Rxd8 26. Rc1 Bf6 27. Kf1
Be4 28. Nd2 Bd3+ 29. Ke1 Bb2 30. Rb1 Bxb1 31. Nxb1 Bd4 32. Bxd4 Rxd4 33. Nd2 f5
34. Ke2 g5 35. g3 Kg7 36. Nb1 Kf6 37. Nc3 Ke5 38. Nb5 Rd7 39. f3 h5 40. Nc3 h4
41. g4 fxg4 42. hxg4 Kf4 0-1

[Event "Lichtenberger Sommer 2017"]
[Site "Berlin"]
[Date "2017.08.21"]
[Round "3.57"]
[White "Badestein, Hartmut"]
[Black "Pixa, Ulrich"]
[Result "1-0"]
[WhiteElo "2046"]
[BlackElo "1598"]
[PlyCount "43"]
[EventDate "2017.??.??"]
[WhiteTeam "SC Friesen Lichtenberg"]
[BlackTeam "SV Mattnetz Berlin"]

1. d4 Nf6 2. Nf3 d5 3. Bf4 Bf5 4. e3 e6 5. Be2 Nbd7 6. O-O c5 7. c4 Qb6 8. Nc3
Rc8 9. cxd5 exd5 10. Na4 Qa5 11. dxc5 Bxc5 12. Nxc5 Qxc5 13. Rc1 Qxc1 14. Qxc1
Rxc1 15. Rxc1 O-O 16. Rc7 Rb8 17. Ne5 Be6 18. g4 h6 19. h4 g5 20. hxg5 hxg5 21.
Bxg5 Kf8 22. f4 1-0

[Event "Lichtenberger Sommer 2017"]
[Site "Berlin"]
[Date "2017.08.21"]
[Round "3.58"]
[White "Lichii, Elizaveta"]
[Black "Woinowski, Michael"]
[Result "0-1"]
[WhiteElo "1862"]
[BlackElo "1761"]
[PlyCount "60"]
[EventDate "2017.??.??"]
[WhiteTeam "vereinslos"]
[BlackTeam "SC Kreuzberg"]

1. e4 e5 2. Nf3 Nc6 3. Bb5 a6 4. Ba4 Nf6 5. O-O b5 6. Bb3 Bc5 7. c3 d6 8. d4
Bb6 9. a4 Rb8 10. h3 O-O 11. Re1 Re8 12. d5 Ne7 13. Na3 Bd7 14. axb5 axb5 15.
Qd3 h6 16. Nc2 Qc8 17. Be3 Ng6 18. Nb4 Nf4 19. Bxf4 exf4 20. Nd4 Bxd4 21. cxd4
Ra8 22. Rac1 g5 23. e5 Bf5 24. Qxb5 Rb8 25. Qc4 Ne4 26. Ba4 Rxb4 27. Qxb4 Bxh3
28. Qb3 Bxg2 29. Qd3 Qg4 30. Bd1 Bf3+ 0-1

[Event "Lichtenberger Sommer 2017"]
[Site "Berlin"]
[Date "2017.08.21"]
[Round "3.59"]
[White "Stein, Siegfried"]
[Black "Landt, Stefan"]
[Result "1/2-1/2"]
[WhiteElo "1761"]
[BlackElo "1913"]
[PlyCount "104"]
[EventDate "2017.??.??"]
[WhiteTeam "SV Berolina Mitte"]
[BlackTeam "SV Berolina Mitte"]

1. e4 c6 2. Nc3 d5 3. Nf3 Bg4 4. h3 Bh5 5. exd5 cxd5 6. Bb5+ Nc6 7. g4 Bg6 8.
Ne5 Qd6 9. d4 a6 10. Bxc6+ bxc6 11. Qe2 f6 12. Nxg6 hxg6 13. a3 e6 14. Bd2 Qd7
15. O-O-O Ne7 16. Na4 Nc8 17. Rde1 Kf7 18. Bf4 a5 19. Qe3 Ra6 20. Qd3 Ra7 21.
Re3 Bd6 22. Bxd6 Qxd6 23. Rhe1 Re7 24. Kb1 Rhe8 25. R3e2 Qc7 26. Nc5 Nb6 27. b3
Nd7 28. Nxd7 Rxd7 29. Qa6 Rd6 30. Qd3 c5 31. dxc5 Qxc5 32. Kb2 Rh8 33. f4 Rc6
34. Re3 Rhc8 35. R1e2 Qd6 36. Rxe6 Rxc2+ 37. Rxc2 Rxc2+ 38. Qxc2 Kxe6 39. f5+
gxf5 40. Qxf5+ Kf7 41. Qd3 Qe5+ 42. Kc2 Qc7+ 43. Kd2 Qh2+ 44. Kc3 Qe5+ 45. Kc2
d4 46. Qc4+ Ke7 47. Qd3 Qh2+ 48. Kd1 Qg1+ 49. Kd2 Qa1 50. Qe4+ Kd6 51. Qf4+ Kc6
52. Qe4+ Kd6 1/2-1/2

[Event "Lichtenberger Sommer 2017"]
[Site "Berlin"]
[Date "2017.08.21"]
[Round "3.60"]
[White "Willich, Manfred"]
[Black "Matthes, Aaron"]
[Result "1/2-1/2"]
[WhiteElo "1961"]
[BlackElo "1736"]
[PlyCount "124"]
[EventDate "2017.??.??"]
[WhiteTeam "SK Turm Bad Hersfeld"]
[BlackTeam "SC Oranienburg"]

1. d4 d5 2. Nf3 Nf6 3. c4 e6 4. Nc3 Be7 5. cxd5 exd5 6. Qc2 g6 7. Bg5 c6 8. e3
Bf5 9. Qb3 Qb6 10. Be2 Qxb3 11. axb3 Nbd7 12. O-O h6 13. Bh4 O-O 14. Nd2 Rfe8
15. f3 Bb4 16. Bf2 c5 17. dxc5 Bxc5 18. g4 Be6 19. Nb5 Rec8 20. Rfc1 a6 21. Nd4
Bb4 22. Be1 Nf8 23. Kf2 Bd7 24. Nf1 Bxe1+ 25. Kxe1 Ne6 26. Nxe6 Bxe6 27. b4 Bd7
28. Nd2 Re8 29. Kf2 Re6 30. b5 Rae8 31. bxa6 bxa6 32. Bxa6 Rxe3 33. Re1 d4 34.
Nc4 Rb3 35. Rxe8+ Bxe8 36. Rd1 Bc6 37. Ne5 Rxb2+ 38. Kg3 Bd5 39. Rxd4 Kg7 40.
Bc4 Rb4 41. Rxd5 Nxd5 42. Bxd5 Rb5 43. Bxf7 Rxe5 44. Bc4 Rc5 45. Bd3 Kf6 46. h4
g5 47. hxg5+ hxg5 48. Be4 Ke5 49. Bh7 Rc4 50. Bd3 Rb4 51. Bh7 Kd4 52. Be4 Ke3
53. Ba8 Rb1 54. Kg2 Kf4 55. Be4 Rb2+ 56. Kh3 Ke3 57. Kg3 Rd2 58. Bc6 Ke2 59.
Bb5+ Ke1 60. f4 Rb2 61. Bc6 Rb3+ 62. Bf3 gxf4+ 1/2-1/2

[Event "Lichtenberger Sommer 2017"]
[Site "Berlin"]
[Date "2017.08.21"]
[Round "3.61"]
[White "Oginski, Ulrich"]
[Black "Günther, Boris"]
[Result "1-0"]
[WhiteElo "1882"]
[BlackElo "1693"]
[PlyCount "107"]
[EventDate "2017.??.??"]
[WhiteTeam "SC Weisse Dame (Berlin)"]
[BlackTeam "SF Friedrichshagen"]

1. d4 d5 2. c4 c6 3. Nc3 Nf6 4. e3 e6 5. Nf3 Be7 6. b3 Nbd7 7. Bb2 b6 8. cxd5
exd5 9. Bd3 O-O 10. O-O Bb7 11. Rc1 Rc8 12. Qc2 Re8 13. Qb1 Nf8 14. Rfe1 Bd6
15. h3 Re7 16. a3 c5 17. dxc5 Bxc5 18. Nb5 Ne4 19. b4 a6 20. bxc5 axb5 21. cxb6
Rxc1 22. Rxc1 Qxb6 23. Bd4 Qa5 24. Qb2 Ne6 25. Bxb5 f6 26. Qb4 Qxb4 27. axb4
Nd6 28. Bd3 Kf7 29. b5 Nc7 30. Bc5 Ncxb5 31. Bxb5 Nxb5 32. Bxe7 Kxe7 33. Nd4
Ba6 34. Nxb5 Bxb5 35. Rc7+ Bd7 36. Kf1 Kd6 37. Ra7 g5 38. Ke2 Bf5 39. g4 Bg6
40. f4 gxf4 41. exf4 h5 42. Ra6+ Ke7 43. g5 Bf5 44. h4 fxg5 45. fxg5 Be6 46.
Ke3 Bf5 47. Kd4 Be4 48. Ke5 Kf7 49. Rh6 Bg6 50. Kxd5 Kg7 51. Ke6 Be8 52. Rf6
Kh7 53. Ke7 Bg6 54. Kf8 1-0

[Event "Lichtenberger Sommer 2017"]
[Site "Berlin"]
[Date "2017.08.21"]
[Round "3.62"]
[White "Bender, Leon"]
[Black "Klühs, Gustaf"]
[Result "1/2-1/2"]
[WhiteElo "2016"]
[BlackElo "1680"]
[PlyCount "98"]
[EventDate "2017.??.??"]
[WhiteTeam "Sfr. Kelkheim"]
[BlackTeam "Borussia Friedrichsfelde"]

1. Nf3 Nf6 2. c4 g6 3. Nc3 Bg7 4. e4 d6 5. d4 O-O 6. Be2 Nbd7 7. O-O c6 8. Be3
e5 9. Rc1 Qe7 10. d5 c5 11. Ne1 Ne8 12. Nd3 f5 13. f3 f4 14. Bf2 g5 15. b4 b6
16. a4 Rf6 17. a5 Rh6 18. Re1 Qf7 19. h3 Qh5 20. Kh2 Ndf6 21. Rh1 cxb4 22. Nxb4
g4 23. fxg4 Nxg4+ 24. Kg1 Nxf2 25. Bxh5 Nxd1 26. Bxd1 Bd7 27. Ba4 bxa5 28. Nc6
Bxc6 29. Bxc6 Rb8 30. Bxe8 Rxe8 31. Kf2 Bf6 32. Rc2 Bh4+ 33. Kf3 Rg6 34. Ne2
Rb8 35. Rhc1 a4 36. Rc3 a5 37. c5 dxc5 38. Rxc5 Rb3+ 39. R5c3 Rgb6 40. Kg4 Be7
41. Rc7 Rg6+ 42. Kf5 Bd6 43. Rd7 Rb8 44. Rxd6 Rxd6 45. Kxe5 Rdb6 46. Nxf4 Rb1
47. Rc3 R1b3 48. Rc5 R3b5 49. Rc3 Rb3 1/2-1/2

[Event "Lichtenberger Sommer 2017"]
[Site "Berlin"]
[Date "2017.08.21"]
[Round "3.63"]
[White "Schiller, Stephan"]
[Black "Schmidt, David"]
[Result "0-1"]
[WhiteElo "1584"]
[BlackElo "1917"]
[PlyCount "134"]
[EventDate "2017.??.??"]
[WhiteTeam "SV Motor Wildau"]
[BlackTeam "Empor Potsdam"]

1. d4 Nf6 2. c4 e6 3. Nc3 Bb4 4. Bd2 b6 5. a3 Bxc3 6. Bxc3 O-O 7. e3 Bb7 8. Nf3
d6 9. Qc2 Ne4 10. Bd3 f5 11. Rg1 Nd7 12. Nd2 Ndf6 13. f3 Nxc3 14. Qxc3 Qe7 15.
O-O-O c5 16. Kb1 cxd4 17. Qxd4 Nd7 18. g4 e5 19. Qc3 f4 20. Be4 Nc5 21. Bxb7
Qxb7 22. e4 Rfd8 23. Nb3 Ne6 24. Rd5 Rd7 25. Rgd1 Rad8 26. h4 Kf7 27. Qe1 Qc6
28. Qc3 Ke7 29. Qb4 Kf7 30. Qc3 Rc8 31. Rc1 Rdc7 32. Qd3 Ke7 33. Ka2 Rd7 34.
Qd2 a5 35. Qe2 Qb7 36. Qf1 Rc6 37. Nd2 a4 38. Qd1 Qa6 39. b3 axb3+ 40. Qxb3 Nd4
41. Qb2 Ke6 42. Rxd4 exd4 43. Qxd4 Rc5 44. Nb3 Re5 45. Qd2 Ra7 46. Nd4+ Kd7 47.
Nb5 Rxb5 48. Qc3 Re5 49. Rd1 Ke6 50. Qb3 Qa4 51. Qd3 Rd7 52. Rb1 Qc6 53. Qb3
Rc5 54. Rc1 Rc7 55. e5 dxe5 56. Qd3 e4 57. fxe4 Rxc4 58. Rb1 Rc2+ 59. Rb2 Rxb2+
60. Kxb2 Qc1+ 61. Kb3 Qc5 62. Qd8 Qe3+ 63. Kb2 Qc3+ 64. Kb1 Qc1+ 65. Ka2 Rc2+
66. Kb3 Rb2+ 67. Ka4 Qc4# 0-1

[Event "Lichtenberger Sommer 2017"]
[Site "Berlin"]
[Date "2017.08.21"]
[Round "3.64"]
[White "Stuckstedte, Hermann"]
[Black "Kautz, Stefan"]
[Result "0-1"]
[WhiteElo "1564"]
[BlackElo "1909"]
[PlyCount "72"]
[EventDate "2017.??.??"]
[WhiteTeam "Königsjäger Süd-West"]
[BlackTeam "SC Empor Maulwurf Bonn"]

1. c4 c6 2. Nc3 d5 3. e3 Nf6 4. d4 e6 5. Nf3 a6 6. a4 Bd6 7. c5 Bc7 8. b4 Nbd7
9. a5 e5 10. Be2 e4 11. Nd2 Qe7 12. Nf1 O-O 13. Ng3 Ne8 14. f4 exf3 15. Bxf3
Qh4 16. Nce2 f5 17. O-O g5 18. Nc3 Ndf6 19. Be2 g4 20. Rf4 Ng7 21. Bd3 Bxf4 22.
exf4 Be6 23. Qc2 Ne4 24. Bxe4 dxe4 25. Nce2 Qf6 26. Bb2 Bd5 27. Nf1 Qe6 28. Ra3
Ne8 29. Nc3 Nc7 30. Ne3 Rad8 31. Qd2 h5 32. Ra1 Rd7 33. Ned1 Rh7 34. Qe3 Bc4
35. Qd2 Bd3 36. Qe3 Qc4 0-1

[Event "Lichtenberger Sommer 2017"]
[Site "Berlin"]
[Date "2017.08.21"]
[Round "3.65"]
[White "Lischeid, Kilian"]
[Black "Prix, Siegfried"]
[Result "1-0"]
[WhiteElo "1719"]
[BlackElo "1746"]
[PlyCount "48"]
[EventDate "2017.??.??"]
[WhiteTeam "SF Friedrichshagen"]
[BlackTeam "SF 1903 Berlin"]

1. c4 e5 2. g3 Nf6 3. Bg2 d5 4. cxd5 Nxd5 5. Nf3 Nc6 6. d3 Bb4+ 7. Bd2 Qd6 8.
Nc3 Bxc3 9. Bxc3 Nxc3 10. bxc3 Qa3 11. Qc2 Be6 12. O-O Rd8 13. Ng5 Bd7 14. Rab1
b6 15. d4 Qe7 16. Nf3 exd4 17. cxd4 O-O 18. d5 Nb4 19. Qc4 c5 20. dxc6 Nxc6 21.
Rfd1 Na5 22. Qc7 Rfe8 23. Qxa7 Nc4 24. Qc7 Kf8 1-0

[Event "Lichtenberger Sommer 2017"]
[Site "Berlin"]
[Date "2017.08.21"]
[Round "3.66"]
[White "Muskewitz, Bernd"]
[Black "Schmalisch, Bastian"]
[Result "0-1"]
[WhiteElo "1923"]
[BlackElo "1600"]
[PlyCount "78"]
[EventDate "2017.??.??"]
[WhiteTeam "SV Mattnetz Berlin"]
[BlackTeam "vereinslos"]

1. d4 d5 2. c4 c6 3. Nf3 Nf6 4. Nc3 h6 5. Bf4 Bf5 6. cxd5 Nxd5 7. Bg3 e6 8. Qb3
Qb6 9. Nxd5 exd5 10. Qe3+ Be6 11. b3 Qa5+ 12. Nd2 Bb4 13. Qd3 Nd7 14. a4 O-O
15. Rd1 Nf6 16. f3 Rfe8 17. Bf2 Bd7 18. e3 g6 19. Qc2 Bf5 20. Bd3 Bxd3 21. Qxd3
Re6 22. O-O Rae8 23. Rfe1 Qc7 24. Bg3 Qe7 25. Bf2 Qc7 26. Re2 Bd6 27. Nf1 Nh5
28. g3 Qe7 29. Rc2 f5 30. Kg2 Qg5 31. h4 Qd8 32. Kh3 f4 33. exf4 Bxf4 34. g4
Ng7 35. Bg3 Qd6 36. Bxf4 Qxf4 37. Kg2 h5 38. Nh2 Re3 39. Qxg6 Re2+ 0-1

[Event "Lichtenberger Sommer 2017"]
[Site "Berlin"]
[Date "2017.08.21"]
[Round "3.67"]
[White "Bollenbach, Horst"]
[Black "Nabel, Matthias"]
[Result "1/2-1/2"]
[WhiteElo "1723"]
[BlackElo "1940"]
[PlyCount "108"]
[EventDate "2017.??.??"]
[WhiteTeam "SC Friesen Lichtenberg"]
[BlackTeam "SV Motor Wildau"]

1. c4 e6 2. g3 f5 3. Bg2 Nf6 4. Nc3 Be7 5. e3 O-O 6. Nge2 c6 7. O-O d5 8. b3 e5
9. cxd5 cxd5 10. d4 e4 11. Nf4 Nc6 12. a3 b6 13. b4 Qd7 14. Qb3 Rd8 15. Bd2 Ba6
16. b5 Na5 17. Qa4 Bb7 18. Rfc1 Nc4 19. Be1 a6 20. Ncxd5 Nxd5 21. Qxc4 axb5 22.
Qb3 Kh8 23. Bf1 Nc7 24. Rc2 Bd6 25. Bb4 Bxf4 26. gxf4 Bd5 27. Qb2 g5 28. fxg5
f4 29. exf4 Qg4+ 30. Bg2 Qxf4 31. Bd2 Qf7 32. Re1 Rf8 33. Be3 Qe7 34. Rec1 Bc4
35. d5+ Kg8 36. Qd4 Nxd5 37. Rxc4 Nxe3 38. Rc7 Qxg5 39. Qxe3 Qxe3 40. fxe3 Rxa3
41. Bxe4 Rxe3 42. Bxh7+ Kh8 43. Rb7 Rfe8 44. Rcc7 b4 45. Bg6 Rd8 46. Rxb6 Re2
47. Kf1 Rxh2 48. Kg1 Rh6 49. Rbc6 Rg8 50. Rc8 Rhxg6+ 51. Rxg6 Rxc8 52. Rb6 Rc4
53. Kf2 Kg7 54. Ke2 Kf7 1/2-1/2

[Event "Lichtenberger Sommer 2017"]
[Site "Berlin"]
[Date "2017.08.21"]
[Round "3.68"]
[White "Plaza Reino, Mercedes"]
[Black "Weber, Gerald"]
[Result "1-0"]
[WhiteElo "1824"]
[BlackElo "1761"]
[PlyCount "101"]
[EventDate "2017.??.??"]
[WhiteTeam "Enniscorthy Chess Club"]
[BlackTeam "SSV Rotation Berlin"]

1. f4 d5 2. b3 Nf6 3. Nf3 e6 4. Bb2 Be7 5. e3 O-O 6. Be2 c5 7. O-O b6 8. Ne5
Bb7 9. d3 Nc6 10. Nxc6 Bxc6 11. Bf3 Rc8 12. Qe2 Nd7 13. c4 Bf6 14. Rd1 Bxb2 15.
Qxb2 Qf6 16. Qxf6 Nxf6 17. Nd2 Rfd8 18. e4 d4 19. Kf2 h5 20. h3 g6 21. e5 Ne8
22. Bxc6 Rxc6 23. Ne4 Kg7 24. Re1 f6 25. exf6+ Nxf6 26. Ng5 Re8 27. Re2 Nd7 28.
Rae1 Kf6 29. Nf3 Rc7 30. g4 hxg4 31. hxg4 Nf8 32. Kg3 Rh7 33. Ng5 Rhe7 34. Ne4+
Kg7 35. Ng5 Kf6 36. Nf3 Nd7 37. Ne5 Nxe5 38. Rxe5 Rg7 39. Rh1 Ree7 40. b4 cxb4
41. Rb5 e5 42. g5+ Ke6 43. Re1 Rd7 44. Rexe5+ Kd6 45. Rxb4 Kc6 46. Rbb5 Rd6 47.
Rbd5 Rgd7 48. Rxd6+ Rxd6 49. Kg4 Kd7 50. f5 a6 51. fxg6 1-0

[Event "Lichtenberger Sommer 2017"]
[Site "Berlin"]
[Date "2017.08.21"]
[Round "3.69"]
[White "Möller, Dirk"]
[Black "Keusch, Horst"]
[Result "0-1"]
[WhiteElo "1555"]
[BlackElo "1976"]
[PlyCount "74"]
[EventDate "2017.??.??"]
[WhiteTeam "SC Kreuzberg"]
[BlackTeam "SC Eintracht Berlin"]

1. e4 e6 2. d4 d5 3. Nc3 Nf6 4. e5 Nfd7 5. Nf3 c5 6. Bb5 a6 7. Bxd7+ Bxd7 8.
O-O Nc6 9. Ne2 Rc8 10. c3 Be7 11. Be3 cxd4 12. cxd4 O-O 13. Rc1 Qb6 14. Qb3
Qxb3 15. axb3 Na5 16. Rxc8 Rxc8 17. Nc1 Rc2 18. Bd2 Nc6 19. Bc3 b5 20. Rd1 b4
21. Ne1 Rxc1 22. Rxc1 bxc3 23. bxc3 f6 24. f4 Kf7 25. Nd3 Na5 26. b4 Nc4 27.
Ra1 Bb5 28. Nc5 Bxc5 29. dxc5 fxe5 30. fxe5 Nxe5 31. Kf2 Nc4 32. Kg3 Kf6 33.
Rf1+ Ke7 34. Kh4 e5 35. Rf5 Ne3 36. Rg5 g6 37. Kg3 Kf6 0-1

[Event "Lichtenberger Sommer 2017"]
[Site "Berlin"]
[Date "2017.08.21"]
[Round "3.70"]
[White "Baumgaertner, Andre"]
[Black "Matitschka, Johannes"]
[Result "1-0"]
[WhiteElo "1652"]
[BlackElo "1780"]
[PlyCount "79"]
[EventDate "2017.??.??"]
[WhiteTeam "SC Friesen Lichtenberg"]
[BlackTeam "TSG Oberschöneweide"]

1. d4 Nf6 2. c4 c5 3. e3 cxd4 4. exd4 d5 5. c5 Nc6 6. Nf3 g6 7. h3 Bg7 8. Nc3
O-O 9. Bb5 Bd7 10. O-O Nb4 11. Bxd7 Qxd7 12. a3 Nc6 13. Re1 Qc7 14. b4 a6 15.
Bb2 b6 16. Na4 b5 17. Nc3 Rfe8 18. Ne5 Rad8 19. g4 e6 20. f4 Ne4 21. Nxe4 dxe4
22. Rxe4 Nxe5 23. fxe5 f5 24. gxf5 exf5 25. Qb3+ Kh8 26. Ree1 Qe7 27. Qg3 Rf8
28. Rad1 f4 29. Qf3 Rf5 30. Re2 Qh4 31. Rg2 Rh5 32. Kh2 Bxe5 33. Rg4 Qf6 34.
dxe5 Qe7 35. e6+ Kg8 36. Rxd8+ Qxd8 37. Qxf4 Rf5 38. Qd6 Qa8 39. c6 Qa7 40. Bd4
1-0

[Event "Lichtenberger Sommer 2017"]
[Site "Berlin"]
[Date "2017.08.21"]
[Round "3.71"]
[White "Geisler, Oliver"]
[Black "Grassi, Fabrizio"]
[Result "0-1"]
[WhiteElo "1556"]
[BlackElo "1868"]
[PlyCount "70"]
[EventDate "2017.??.??"]
[WhiteTeam "vereinslos"]
[BlackTeam "SV Berlin-Friedrichstadt"]

1. c4 e5 2. Nc3 Nf6 3. d3 d5 4. cxd5 Nxd5 5. g3 Nc6 6. Bg2 Nb6 7. Nf3 Be7 8.
O-O O-O 9. Bd2 Be6 10. Rc1 f6 11. Ne1 Qe8 12. a3 Qf7 13. b4 Bb3 14. Nc2 Nd4 15.
Bxb7 Rab8 16. Bg2 Nxc2 17. Rxc2 c5 18. b5 Rfd8 19. Qc1 Bxc2 20. Qxc2 c4 21. f4
cxd3 22. exd3 exf4 23. Bxf4 Rbc8 24. Bh3 f5 25. g4 Bf6 26. Bd2 fxg4 27. Bg5
Rxc3 28. Qxc3 Bxc3 29. Rxf7 Kxf7 30. Bxd8 gxh3 31. Kf2 Bb2 32. Bxb6 axb6 33. a4
Be5 34. a5 bxa5 35. b6 Bxh2 0-1